Szkoła TVN nauczyciele - Statystyki

Ogólne statystyki
  • Ten quiz został rozwiązany 150 razy
  • Średni wynik to 10 z 15
Statystyki odpowiedzi
Przedmiot Nazwisko
Nauczyciela
% Poprawnych
Biologia Gruszka
93%
Informatyka Kłosek
87%
Wf Dudziak
85%
Dyrektor nauczyciel polskiego Chlebowski
73%
Matematyka Kremer
73%
Język angielski Turczyn
71%
Język polski Żabińska
68%
Fizyka Lesicki
65%
Dyrektorka nauczycielka geografii Borkowska
64%
Historia Małek
63%
Chemia Stańko
62%
Język niemiecki Huber
44%
Woźna Jadzia
42%
Język francuski Nieckowski
42%
Informatyka Gądek
39%
Nie znaleziono quizów pasujących do podanych kryteriów
Rozkład punktacji
Procent ludzi z każdym wynikiem
Percentyl według liczby udzielonych odpowiedzi
Twoja historia wyników
Nie rozwiązałeś tego quizu